000 01031nam a2200385 a 4500
003 AR-BaBNM
005 20251128210908.0
008 082120s2002 ||||||||||||||000 | spa||
020 _a84-493-0687-6
040 _cAR-BaBNM
100 1 _aGrimal, Pierre
245 0 0 _aLa civilización romana
_bvida, costumbres, leyes, artes
260 _aBarcelona
_bPaidós
_c1999
300 _a332 p.
490 0 _aOrígenes
_vv. 7
500 _aContiene referencias bibliográficas para consultar
650 4 _aSOCIOLOGIA CULTURAL
650 4 _aHISTORIA EUROPEA
650 4 _aHISTORIA ANTIGUA
650 4 _aIGLESIA
650 4 _aESCLAVITUD
650 4 _aANTROPOLOGIA CULTURAL Y SOCIAL
650 4 _aVIDA SOCIAL
650 4 _aVIDA COTIDIANA
650 4 _aCOSTUMBRES Y TRADICIONES
650 4 _aHISTORIA CULTURAL
650 4 _aANALISIS HISTORICO
651 4 _aRoma
653 _aPAGANISMO
653 _aVIDA PRIVADA
653 _aIMPERIO ROMANO
653 _aHISTORIA ROMANA
942 _cBK
998 _cMariana
999 _c17346
_d17346